Účetnictví v organizacích spotřebního družstevnictví /

Saved in:
Bibliographic Details
Main Author: Škorpil, Zdeněk (Author)
Format: Book
Language:Czech
Published: Praha : Svépomoc, 1984.
Edition:1. vyd.
ISBN: (brož.)
Physical Description: 426 s. ; 21 cm.
Tags: Add Tag
No Tags, Be the first to tag this record!

MARC

LEADER 00000nam a22000003a 4500
001 000410076
005 20121113195143.0
008 850424s1984 xr e cze d
020 |a (brož.)  |c Kčs 20,00 
040 |a SVKKK  |b slo  |c SVKKK  |e AACR2 
041 0 |a cze 
044 |a xr  |c CZ 
100 1 |a Škorpil, Zdeněk  |4 aut 
245 1 0 |a Účetnictví v organizacích spotřebního družstevnictví /  |c Zdeněk Škorpil. 
250 |a 1. vyd. 
260 |a Praha :  |b Svépomoc,  |c 1984. 
300 |a 426 s. ;  |c 21 cm. 
910 |a svkkk 
998 |a BK 
090 |g SCKHL  |k Sklad Pribinova 2. posch.  |a II.305094  |j 709925  |i B272297  |s Absenčne